| 000 | 00435nam a2200169Ia 4500 | ||
|---|---|---|---|
| 005 | 20240823005952.0 | ||
| 008 | 240823s9999||||xx |||||||||||||| ||und|| | ||
| 082 | _A658.8 N4 | ||
| 100 | _aCharan R | ||
| 245 | 0 | _aMarketing and Management Strategy for Insurance in Rural India | |
| 250 | _a1st | ||
| 260 |
_c1994 _b"Mittal,new Delhi" |
||
| 500 | _aYES | ||
| 650 |
_aManagement _bManagement Studies |
||
| 942 | _cBK | ||
| 999 |
_c157253 _d157253 |
||